Fear of crime, racial bias, and gun ownership

Guardado en:  
Detalles Bibliográficos
Autores principales: Gearhart, Michael C. (Autor) ; Johnson, Sharon D. (Autor) ; Jones, Courtney (Autor) ; Berg, Kristen A. (Autor)
Tipo de documento: Electrónico Artículo
Lenguaje:Inglés
Publicado: 2019
En: Health & social work
Año: 2019, Volumen: 44, Número: 4, Páginas: 241-248
Acceso en línea: Volltext (lizenzpflichtig)
Verificar disponibilidad: HBZ Gateway

MARC

LEADER 00000caa a22000002c 4500
001 191255674X
003 DE-627
005 20250114054959.0
007 cr uuu---uuuuu
008 241217s2019 xx |||||o 00| ||eng c
024 7 |a 10.1093/hsw/hlz025  |2 doi 
035 |a (DE-627)191255674X 
035 |a (DE-599)KXP191255674X 
040 |a DE-627  |b ger  |c DE-627  |e rda 
041 |a eng 
084 |a 2,1  |2 ssgn 
100 1 |a Gearhart, Michael C.  |e VerfasserIn  |4 aut 
245 1 0 |a Fear of crime, racial bias, and gun ownership 
264 1 |c 2019 
336 |a Text  |b txt  |2 rdacontent 
337 |a Computermedien  |b c  |2 rdamedia 
338 |a Online-Ressource  |b cr  |2 rdacarrier 
700 1 |a Johnson, Sharon D.  |e VerfasserIn  |4 aut 
700 1 |a Jones, Courtney  |e VerfasserIn  |4 aut 
700 1 |a Berg, Kristen A.  |e VerfasserIn  |4 aut 
773 0 8 |i Enthalten in  |t Health & social work  |d Oxford : Oxford University Press, 1976  |g 44(2019), 4, Seite 241-248  |h Online-Ressource  |w (DE-627)34135600X  |w (DE-600)2068331-5  |w (DE-576)266225330  |x 1545-6854  |7 nnas 
773 1 8 |g volume:44  |g year:2019  |g number:4  |g pages:241-248 
787 0 8 |i Forschungsdaten  |a Matsueda, Ross L.  |t Seattle Neighborhoods and Crime Survey, 2002-2003  |d [Erscheinungsort nicht ermittelbar] : [Verlag nicht ermittelbar], 2010  |w (DE-627)1840053240 
856 4 0 |u https://doi.org/10.1093/hsw/hlz025  |x Resolving-System  |z lizenzpflichtig  |3 Volltext  |7 1 
935 |a mkri 
951 |a AR 
ELC |a 1 
LOK |0 000 xxxxxcx a22 zn 4500 
LOK |0 001 4637522242 
LOK |0 003 DE-627 
LOK |0 004 191255674X 
LOK |0 005 20241217044457 
LOK |0 008 241217||||||||||||||||ger||||||| 
LOK |0 035   |a (DE-2619)ICPSR145724 
LOK |0 040   |a DE-2619  |c DE-627  |d DE-2619 
LOK |0 092   |o n 
LOK |0 852   |a DE-2619 
LOK |0 852 1  |9 00 
LOK |0 935   |a nacp 
LOK |0 939   |a 17-12-24  |b l01 
ORI |a SA-MARC-krimdoka001.raw